Financial Accounting: (Record no. 2698)

000 -LEADER
fixed length control field 00461nam a22001457a 4500
008 - FIXED-LENGTH DATA ELEMENTS--GENERAL INFORMATION
fixed length control field 150729b xxu||||| |||| 00| 0 eng d
020 ## - INTERNATIONAL STANDARD BOOK NUMBER
International Standard Book Number 978003379333
050 ## - LIBRARY OF CONGRESS CALL NUMBER
Classification number HF 5636 .S77 2009
100 ## - MAIN ENTRY--PERSONAL NAME
Personal name Spiceland, David J.
Dates associated with a name 2009
245 ## - TITLE STATEMENT
Title Financial Accounting:
Statement of responsibility, etc. David J. Spiceland
260 ## - PUBLICATION, DISTRIBUTION, ETC. (IMPRINT)
Place of publication, distribution, etc. New York:
Name of publisher, distributor, etc. McGraw-Hill,
Date of publication, distribution, etc. 2009.
300 ## - PHYSICAL DESCRIPTION
Extent xxxiv, 688p. :ill.
Other physical details Includes index.
650 ## - SUBJECT ADDED ENTRY--TOPICAL TERM
Topical term or geographic name as entry element Accounting
942 ## - ADDED ENTRY ELEMENTS (KOHA)
Source of classification or shelving scheme
Koha item type Hard Covered Materials
Classification part HF 5636 .S77 2009
Holdings
Withdrawn status Lost status Source of classification or shelving scheme Damaged status Not for loan Home library Current library Date acquired Source of acquisition Total Checkouts Full call number Barcode Date last seen Date last checked out Price effective from Koha item type Shelving location
          MACHAKOS UNIVERSITY LIBRARY MACHAKOS UNIVERSITY LIBRARY 29/07/2015 Donation (BFA) 1 HF 5636 .S77 2009 6797 05/06/2019 31/07/2015 29/07/2015 Hard Covered Materials  
          MACHAKOS UNIVERSITY LIBRARY MACHAKOS UNIVERSITY LIBRARY 01/02/2017 Donation (BFA)   HF 5636 .S77 2009 33237 13/07/2018   01/02/2017 Hard Covered Materials Technical section
© Machakos University Library, Along The Highway, Machakos Wote Rd, Machakos, Kenya P.O. Box 136 - 90100 Machakos - Kenya

Tel: ( +254 ) 723 805829 OR Fax : 044-20353 OR Email: library@mksu.ac.ke